Fundamentals and Advances in Knitting Technology / (Record no. 5407)
[ view plain ]
| 000 -LEADER | |
|---|---|
| fixed length control field | 00752nam a22002177a 4500 |
| 003 - CONTROL NUMBER IDENTIFIER | |
| control field | BUBTL |
| 008 - FIXED-LENGTH DATA ELEMENTS--GENERAL INFORMATION | |
| fixed length control field | 161222b xxu||||| |||| 00| 0 eng d |
| 020 ## - INTERNATIONAL STANDARD BOOK NUMBER | |
| International Standard Book Number | 978-93-80308-16-6 |
| 082 ## - DEWEY DECIMAL CLASSIFICATION NUMBER | |
| Classification number | 677.028245/ R211f/ 2012 |
| 100 ## - MAIN ENTRY--PERSONAL NAME | |
| 9 (RLIN) | 4731 |
| Personal name | Ray, Sadhan Chandra |
| 245 ## - TITLE STATEMENT | |
| Title | Fundamentals and Advances in Knitting Technology / |
| Statement of responsibility, etc. | Sadhan Chandra Ray |
| 250 ## - EDITION STATEMENT | |
| Edition statement | 1st Edn |
| 260 ## - PUBLICATION, DISTRIBUTION, ETC. (IMPRINT) | |
| Place of publication, distribution, etc. | New Delhi: |
| Name of publisher, distributor, etc. | Woodhead Publishing India Pvt Ltd., |
| Date of publication, distribution, etc. | c2012 |
| 300 ## - PHYSICAL DESCRIPTION | |
| Extent | xvii,340 p.: |
| Other physical details | ills.; |
| Dimensions | 22 cm. |
| 500 ## - GENERAL NOTE | |
| General note | Includes Index |
| 505 ## - FORMATTED CONTENTS NOTE | |
| Formatted contents note | Fundamentals and Advances in Knitting Technology, Knitting Technology, Sadhan Chandra Ray |
| 650 #0 - SUBJECT ADDED ENTRY--TOPICAL TERM | |
| 9 (RLIN) | 995 |
| Topical term or geographic name as entry element | Textile Engineering |
| 856 ## - ELECTRONIC LOCATION AND ACCESS | |
| Password | 0 |
| Logon | 0 |
| Link text | Download |
| 942 ## - ADDED ENTRY ELEMENTS (KOHA) | |
| Source of classification or shelving scheme | |
| Koha item type | Books |
| Withdrawn status | Lost status | Source of classification or shelving scheme | Damaged status | Not for loan | Collection code | Permanent location | Current location | Shelving location | Date acquired | Inventory number | Total Checkouts | Full call number | Barcode | Date last seen | Copy number | Price effective from | Koha item type | Total Renewals | Date last checked out | Source of acquisition |
|---|---|---|---|---|---|---|---|---|---|---|---|---|---|---|---|---|---|---|---|---|
| Not For Loan | Non-fiction | Bangladesh University of Business and Technology Library | Bangladesh University of Business and Technology Library | Textile Engineering Stacks | 09/20/2015 | 21404 | 677.028245RAY | BUBTL-200321404 | 12/22/2016 | C-1 | 12/22/2016 | Books | ||||||||
| Not For Loan | Non-fiction | Bangladesh University of Business and Technology Library | Bangladesh University of Business and Technology Library | Textile Engineering Stacks | 09/20/2015 | 21405 | 677.028245RAY | BUBTL-200321405 | 12/22/2016 | C-2 | 12/22/2016 | Books | ||||||||
| Non-fiction | Bangladesh University of Business and Technology Library | Bangladesh University of Business and Technology Library | Textile Engineering Stacks | 09/20/2015 | 21406 | 677.028245RAY | BUBTL-200321406 | 12/22/2016 | C-3 | 12/22/2016 | Books | |||||||||
| Non-fiction | Bangladesh University of Business and Technology Library | Bangladesh University of Business and Technology Library | Textile Engineering Stacks | 09/20/2015 | 21407 | 1 | 677.028245RAY | BUBTL-200321407 | 10/19/2019 | C-4 | 12/22/2016 | Books | 1 | 09/08/2019 | ||||||
| Not For Loan | Non-fiction | Bangladesh University of Business and Technology Library | Bangladesh University of Business and Technology Library | Textile Engineering Stacks | 08/28/2022 | 28742 | 677.028245/ R211f/ 2012 | BUBTL-200328742 | 09/27/2022 | C-5 | 09/27/2022 | Books | Purchase | |||||||
| Not For Loan | Non-fiction | Bangladesh University of Business and Technology Library | Bangladesh University of Business and Technology Library | Textile Engineering Stacks | 08/28/2022 | 28743 | 677.028245/ R211f/ 2012 | BUBTL-200328743 | 09/27/2022 | C-6 | 09/27/2022 | Books | Purchase |
